MDQL
is popping MORE tags! Check the
thread
!
Quizzes
Events
Quiz Creation
Community
Videos
Private Events
Remove Ads
Sign In
Join for FREE
Feedback
Dark Mode
Quiz Categories
Sports
Geography
Music
Movies
Television
Just For Fun
Miscellaneous
History
Literature
Language
Science
Gaming
Entertainment
Religion
Holiday
For Kids
Quiz Lab
Recent
Popular Today
Quiz Kudos Today
Editor Picks
Curator Picks
Quizzes by...
Day
Popularity
Type
Ratings
Length
Year
Community
Subscriptions
Recent Discussions
Orange Saloon
Badges
Playlists
Quests
Create
Leaderboards
Showdown
Live 5
Trivia Bingo
Activity
Puzzle Library
Sporcle Events
Private Events
Virtual Trivia
Globe League
Become a Host
Pub Owners
SporcleCon
Opinionation
Our Games
Videos
Blog
Mobile Apps
Partnerships
Remove Ads and Go Orange
Feedback
Sports
Athletes
MLB
NBA
NHL
NFL
Soccer
Sports Teams
WWE
NCAA
Football
Premier League
Basketball
Baseball
Hockey
Golf
Tennis
Cricket
Rugby
Auto Racing
Olympics
World Cup
Sports
Athletes
MLB
NBA
NHL
NFL
Soccer
Sports Teams
WWE
NCAA
Football
Premier League
Basketball
Baseball
Hockey
Golf
Tennis
Cricket
Rugby
Auto Racing
Olympics
World Cup
Random Quiz
Search Sporcle
×
Featured
Featured
Sports
NFL
Type in answers that appear in a list
Type in answers that appear in a list
Classic
Best Score? Go Orange.
Top 5 Single Season Passers By Franchise Stats
Can you name the five different players who threw for the most yards in a single season for each NFL franchise?
By
sultanofswing
14m
160 Questions
33.8K Plays
33,845 Plays
33,845 Plays
Comments
Comments
Give Quiz Kudos
Give Quiz Kudos
-
- Ratings
hide this ad
More Info
Replay
Link that replays current quiz
Next Quiz
Link to next quiz in quiz playlist
You Got
0%
They Got
Avg Score
61%
Avg Friend Score
Upgrade to see
Score Distribution
Jump to the score distribution portion of the page
Score
0/160
Timer
14:00
0
Plays Today
% Correct
Peyton Manning
95.8%
Eli Manning
95.7%
Archie Manning
95.2%
Matt Ryan
93.9%
Tom Brady
93.6%
Aaron Rodgers
91.5%
Drew Brees
91.5%
Drew Brees
91.5%
Joe Flacco
91.4%
Brett Favre
91.2%
Brett Favre
91.2%
Kurt Warner
90.9%
Kurt Warner
90.9%
Peyton Manning
90.6%
Carson Palmer
89.5%
Tony Romo
88.9%
Alex Smith
88.3%
Carson Palmer
88.1%
Philip Rivers
88.1%
Joe Montana
87.4%
Dan Marino
86.8%
Russell Wilson
86.6%
Ben Roethlisberger
86.2%
Steve Young
85.9%
David Carr
85.6%
Carson Palmer
84.1%
Drew Bledsoe
84%
Drew Bledsoe
84%
Drew Bledsoe
84%
Kirk Cousins
83.5%
Jay Cutler
83.2%
Jay Cutler
83.2%
Donovan McNabb
82%
Andrew Luck
81.5%
Kirk Cousins
81.4%
Cam Newton
81%
Roger Staubach
80.6%
Andy Dalton
80.4%
Jim Kelly
79.3%
Terry Bradshaw
77.8%
Patrick Mahomes
76.6%
Derek Carr
76.1%
John Elway
76%
Joe Namath
75.8%
Matthew Stafford
75.8%
Matt Schaub
75.7%
Daunte Culpepper
75.5%
Dak Prescott
75.4%
Baker Mayfield
75.2%
Ryan Fitzpatrick
74.9%
Steve McNair
74.5%
Steve McNair
74.5%
Matt Hasselbeck
73.8%
Matt Hasselbeck
73.6%
% Correct
Kyle Allen
73%
Warren Moon
72.1%
Warren Moon
72.1%
Warren Moon
72.1%
Blake Bortles
71.8%
Ryan Fitzpatrick
71.7%
Joe Burrow
71.6%
Jared Goff
71.1%
Jake Delhomme
70.9%
Baker Mayfield
70.3%
Carson Wentz
69.7%
Brad Johnson
69.5%
Deshaun Watson
69%
Mitchell Trubisky
68.7%
Randall Cunningham
68.4%
Dan Fouts
68.2%
Vinny Testaverde
68.2%
Vinny Testaverde
68.2%
Rich Gannon
68.1%
Matthew Stafford
67.6%
Tom Brady
67.4%
Marcus Mariota
66.7%
Phil Simms
66.6%
Ryan Tannehill
66.6%
Jeff Garcia
66.4%
Derek Anderson
66%
Matt Cassel
65.6%
Boomer Esiason
65.6%
Mark Brunell
64.7%
Kerry Collins
64.4%
Kerry Collins
64.4%
Johnny Unitas
63.6%
Trent Green
63.5%
Jake Plummer
63.4%
Jake Plummer
63.4%
Steve DeBerg
62%
Josh Allen
60.8%
Lamar Jackson
58.8%
David Garrard
58.7%
Kyler Murray
58.2%
Jimmy Garoppolo
58%
Chad Pennington
57.9%
Justin Herbert
57.8%
Rex Grossman
57.3%
Gardner Minshew
57.2%
Marc Bulger
57.2%
Philip Rivers
57%
Sam Bradford
56.7%
Case Keenum
56%
Kordell Stewart
55.7%
Bernie Kosar
54%
Jon Kitna
53.8%
Carson Wentz
52.8%
Jared Goff
52.8%
% Correct
Aaron Brooks
52.7%
Ryan Fitzpatrick
51.7%
Josh Freeman
51.5%
Daniel Jones
50.7%
Jameis Winston
50.1%
Danny White
49.8%
Chris Chandler
48.7%
Mac Jones
47.3%
Mark Rypien
46.8%
Tua Tagovailoa
45.8%
Tommy Maddox
45.1%
Elvis Grbac
44.5%
Elvis Grbac
44.5%
Y.A. Tittle
43.8%
Jeff George
43.5%
Jeff George
43.5%
Brock Purdy
43.3%
Jim Everett
42.6%
Jim Everett
42.6%
Geno Smith
42.2%
Neil O'Donnell
41.7%
C.J. Stroud
41.3%
Trevor Lawrence
40.8%
Ryan Tannehill
40.1%
Brian Sipe
40%
Ken O'Brien
40%
Scott Mitchell
38.4%
Teddy Bridgewater
36.5%
Neil Lomax
36.4%
Davis Mills
36.2%
Steve Beuerlein
35.9%
Erik Kramer
34.7%
Tommy Kramer
34.7%
Don Majkowski
34.7%
Jalen Hurts
34.5%
Sam Howell
33.9%
Steve Bartkowski
33.8%
Chris Miller
31.4%
Jeff Blake
30%
Derek Carr
30%
Steve DeBerg
29.5%
Lynn Dickey
26.9%
John Hadl
25.9%
Joe Ferguson
24.3%
Jay Schroeder
22.9%
Richard Todd
21.4%
Bill Kenney
14.7%
Babe Parilli
13%
Gary Danielson
12.1%
Jordan Love
12%
Billy Wade
9%
Paul McDonald
6.1%
Quiz Playlist
Details
Report
Send in Message
Add To Playlist
More Info:
Each player is listed only once and their highest single season passing total is recorded.
Classic:
Type in answers that appear in a list
Quiz Source
Last Updated: Jan 22, 2024
Featured
Curator Pick in
NFL
Quiz Scoreboard
CHALLENGE
Sign Up to Join the Scoreboard
Show All
Scores
Hide
Comments
May contain spoilers
Recently Published
Colored Red Africa Blitz
by spor1
Geography
30s
Find the 'City' Movie
by crazypaving
Movies
60s
5x2 Blitz: Bands
by SL_Kpop136
Music
30s
More to Explore
Quiz From the Vault
Featured Blog Post
14 Easter Pick-up Lines to Find Eggs With
hide this ad
You Might Also Like...
Tags
Football Quiz
NFL Quiz
franchise
Passing Yards
Player
Quarterbacks
season
Today's Top Quizzes in Sports
Browse Sports
hide this ad
Today's Top Quizzes in NFL
Browse NFL
Top Contributed Quizzes in Sports
1
Players with Multiple 50 Home Run Seasons
2
Criteria MLB: Left Handed Sluggers
3
MLB Players with Two .350 Batting Average Seasons
4
Who Hit More Homers?
5
Premier League Clubs since 2000 (minefield)
6
Who Needs Fielders?
7
2020 F1 Drivers Logic Puzzle
8
Les entraîneurs de l'OM et du PSG au 21e siècle
9
Top 10 NHL Goal Scorers of All Time
10
MLB Hall of Famer by Rings
Explore More
Trending Topics
Anime
Disney
NBA
Kpop
Marvel
Crossword
Harry Potter
Country
Puzzle
Pokémon
NFL
WWE
Soccer
The Office
Song
hide this ad
More By:
sultanofswing
Quiz
Plays
Rating
Category
Featured
Created
NBA Top 3 MVP Voting By Year
514,801
4.79
Sports
Apr 19, 2012
NBA Every 25 PPG Scorer In History
295,044
4.67
Sports
Dec 14, 2011
NBA Starters By Team (2000s)
185,188
4.56
Sports
Jan 24, 2011
NBA 2 Teammates, 35 Pts, 1 Game (2000s)
173,225
4.30
Sports
Mar 19, 2011
NFL 1,000 Yard Rushers
160,356
4.79
Sports
Sep 27, 2011
Go to Creator's Profile
Score Distribution
Quiz Creator Spotlight
sultanofswing
Follow
Send a Message
Quizzes Created
-
Created Quiz Play Count
-
More By This Creator
Popular Quizzes Today
1
Find the 'City' Movie
2
5x2 Blitz: Bands
3
Colored Red Africa Blitz
4
Find the US States - No Outlines Minefield
5
The Countries of the World
6
Find the US States
7
9x9 Crossword: Cartoon Network
8
US States
More Sports Quizzes
Obscure Knowledge - Formula 1 Champions
Published
Trending Quizzes
Colored Red Europe Blitz I
Colored Red Africa Blitz II
Colored Red Africa Blitz III
Colored Red Europe Blitz III
Colored Red Europe Blitz II
Recently Updated
Champions League XIs: Real Madrid
pecheneg
Largest US Cities 1790-2010
pecheneg
Rides in Walt Disney World
pecheneg
Most Oscar Losses (Acting)
pecheneg
Beyoncé Albums
pecheneg
Leaping Animals
pecheneg
Reality TV Shows (A-Z)
bhenderson79
Rickey Henderson's Hall of Fame Teammates
pecheneg
Champions League XIs: Arsenal
pecheneg
Quick Pick: Celebrities in WWE's Hall of Fame
aduchscher
Trending Topics
NBA
Harry Potter
Anime
Disney
Kpop
Marvel
Crossword
The Office
Pokémon
Soccer
Song
Puzzle
Country
NFL
WWE
Your Account Isn't Verified!
In order to create a playlist on Sporcle, you need to verify the email address you used during registration. Go to your
Sporcle Settings
to finish the process.
Report this User
Report this user for behavior that violates our
Community Guidelines
.
Details:
Send Report
Go to the Sporcle.com Mobile Site →
Comments